KET practice tests: Cassette 1

Saved in:
Bibliographic Details
Main Author: Annette Capel
Format: Book
Language:Undetermined
Published: Oxford, NY Oxford Univ. Press 2000
Subjects:
Tags: Add Tag
No Tags, Be the first to tag this record!
Institutions: Trung tâm Học liệu Trường Đại học Cần Thơ
LEADER 00598nam a2200193Ia 4500
001 CTU_57661
008 210402s9999 xx 000 0 und d
082 |a 428.34 
082 |b C238/T1 
100 |a Annette Capel 
245 0 |a KET practice tests: Cassette 1 
245 0 |c Annette Capel and Sue Ireland 
260 |a Oxford, NY 
260 |b Oxford Univ. Press 
260 |c 2000 
650 |a english language,english language 
650 |x examinations, questions, etc.,study and teaching,foreign speakers 
904 |i Minh, 010720 
980 |a Trung tâm Học liệu Trường Đại học Cần Thơ